[Event "Morava-ch"]
[Site "Orlova"]
[Date "2023.10.25"]
[Round "3"]
[White "Hrtan, Vladislav"]
[Black "Zrubek, Adam"]
[Result "0-1"]
[WhiteElo "1469"]
[BlackElo "1758"]
[PlyCount "64"]
[EventDate "2023.10.24"]
[EventType "swiss"]
[EventRounds "9"]
[EventCountry "CZE"]
[SourceTitle "Mega2024 Update 01"]
[Source "Chessbase"]
[SourceDate "2023.11.12"]
[SourceVersion "1"]
[SourceVersionDate "2023.11.12"]
[SourceQuality "1"]

1. e4 c5 2. Nf3 d6 3. d4 cxd4 4. Nxd4 Nf6 5. Nc3 g6 6. Be3 Bg7 7. h3 0-0 8. Qd2 Nc6 9. Bc4 Bd7 10. 0-0 Rc8 11. Bb3 Na5 12. f4 a6 13. f5 b5 14. fxg6 hxg6 15. Bh6 Nxb3 16. axb3 Bxh6 17. Qxh6 Qb6 18. Rad1 Nh5 19. Nd5 Qd8 20. g4 Ng7 21. Rf4 Bc6 22. Nf3 Ne6 23. Ng5 Nxg5 24. Qxg5 Bxd5 25. Rxd5 Qb6+ 26. Rf2 Rxc2 27. Qf4 Qxf2+ 28. Qxf2 Rxf2 29. Kxf2 Rc8 30. Ke3 Kg7 31. e5 dxe5 32. Rxe5 Rh8 0-1

[Event "Morava-ch"]
[Site "Orlova"]
[Date "2023.10.24"]
[Round "1"]
[White "Hrtan, Vladislav"]
[Black "Zednicek, Filip"]
[Result "0-1"]
[WhiteElo "1469"]
[BlackElo "1950"]
[PlyCount "41"]
[EventDate "2023.10.24"]
[EventType "swiss"]
[EventRounds "9"]
[EventCountry "CZE"]
[SourceTitle "Mega2024 Update 01"]
[Source "Chessbase"]
[SourceDate "2023.11.12"]
[SourceVersion "1"]
[SourceVersionDate "2023.11.12"]
[SourceQuality "1"]

1. e4 e5 2. Nf3 Nc6 3. d4 exd4 4. Nxd4 Bc5 5. Be3 Qf6 6. c3 Nge7 7. Qd2 d5 8. Nxc6 Bxe3 9. Qxe3 bxc6 10. Nd2 0-0 11. Be2 Bd7 12. 0-0 Ng6 13. Qf3 Qg5 14. Rad1 Nf4 15. g3 Nh3+ 16. Kg2 Qg6 17. exd5 Ng5 18. Qf4 Bh3+ 19. Kg1 Bxf1 20. Bxf1 Qc2 21. Re1 0-1

[Event "Zlin Region-chT 2223"]
[Site "Czech Republic"]
[Date "2023.02.12"]
[Round "8.7"]
[White "Naplava, Petr"]
[Black "Hrtan, Vladislav"]
[Result "1-0"]
[WhiteElo "1844"]
[BlackElo "1643"]
[PlyCount "39"]
[EventDate "2022.10.09"]
[EventType "team-tourn"]
[EventRounds "11"]
[EventCountry "CZE"]
[SourceTitle "EXT 2024"]
[Source "ChessBase"]
[SourceDate "2023.10.10"]
[SourceVersion "1"]
[SourceVersionDate "2023.10.10"]
[SourceQuality "1"]
[WhiteTeam "Borsice"]
[BlackTeam "Usti Sokol"]
[WhiteTeamCountry "CZE"]
[BlackTeamCountry "CZE"]

1. e4 e5 2. Nf3 Nc6 3. Bb5 a6 4. Ba4 Nf6 5. 0-0 d6 6. Re1 Be7 7. c3 Bd7 8. d4 0-0 9. Nbd2 Rc8 10. Nf1 Qe8 11. Ng3 h6 12. d5 Na7 13. Bxd7 Qxd7 14. Nf5 Kh7 15. N3h4 Ng8 16. Re3 g6 17. Rh3 Bf6 18. Nxh6 Nxh6 19. Nf5 gxf5 20. Qh5 1-0

[Event "Zlin Region-chT 2223"]
[Site "Czech Republic"]
[Date "2022.11.27"]
[Round "4.6"]
[White "Hrtan, Vladislav"]
[Black "Partys, Petr"]
[Result "1/2-1/2"]
[WhiteElo "1643"]
[BlackElo "2017"]
[PlyCount "72"]
[EventDate "2022.10.09"]
[EventType "team-tourn"]
[EventRounds "11"]
[EventCountry "CZE"]
[SourceTitle "EXT 2024"]
[Source "ChessBase"]
[SourceDate "2023.10.10"]
[SourceVersion "1"]
[SourceVersionDate "2023.10.10"]
[SourceQuality "1"]
[WhiteTeam "Usti Sokol"]
[BlackTeam "Stare Mesto  III"]
[WhiteTeamCountry "CZE"]
[BlackTeamCountry "CZE"]

1. e4 c5 2. Nf3 e6 3. d4 cxd4 4. Nxd4 a6 5. Bd3 Bc5 6. Nb3 Ba7 7. Nc3 Nc6 8. a3 Nge7 9. Qe2 0-0 10. 0-0 d6 11. Be3 b5 12. Rad1 Bxe3 13. Qxe3 Qc7 14. Kh1 Bb7 15. f4 Rad8 16. f5 Ne5 17. f6 N7g6 18. Qg5 gxf6 19. Qxf6 Qe7 20. Qf2 Kh8 21. h3 Rg8 22. Kh2 Qg5 23. g3 Qh6 24. Qf6+ Qg7 25. Rd2 Qxf6 26. Rxf6 Kg7 27. Rf1 Kf8 28. Nd4 Ke7 29. Rdf2 Rg7 30. Nf3 Nxf3+ 31. Rxf3 Ne5 32. R3f2 Rdg8 33. Rg1 Rc8 34. Nb1 f5 35. exf5 exf5 36. Nd2 Nxd3 1/2-1/2

[Event "Zlin Region-chT 2223"]
[Site "Czech Republic"]
[Date "2022.11.13"]
[Round "3.7"]
[White "Hrtan, Vladislav"]
[Black "Kucera, Pavel1111"]
[Result "1/2-1/2"]
[WhiteElo "1643"]
[BlackElo "1452"]
[PlyCount "48"]
[EventDate "2022.10.09"]
[EventType "team-tourn"]
[EventRounds "11"]
[EventCountry "CZE"]
[SourceTitle "EXT 2024"]
[Source "ChessBase"]
[SourceDate "2023.10.10"]
[SourceVersion "1"]
[SourceVersionDate "2023.10.10"]
[SourceQuality "1"]
[WhiteTeam "Usti Sokol"]
[BlackTeam "Valasske Mezirici"]
[WhiteTeamCountry "CZE"]
[BlackTeamCountry "CZE"]

1. e4 c5 2. Nf3 d6 3. d4 cxd4 4. Nxd4 Nf6 5. Nc3 a6 6. Be3 e5 7. Nf3 Be7 8. h3 b5 9. a3 Bb7 10. Bd3 0-0 11. 0-0 Qc7 12. Nh2 Nbd7 13. f4 Nc5 14. fxe5 dxe5 15. Ng4 Nfxe4 16. Bxe4 Nxe4 17. Nh6+ Kh8 18. Nxf7+ Kg8 19. Nh6+ Kh8 20. Nf7+ Kg8 21. Nd5 Bxd5 22. Qxd5 Nf6 23. Nh6+ Kh8 24. Nf7+ Kg8 1/2-1/2